Estadística para administradores

Kaydedildi:
Detaylı Bibliyografya
Asıl Yazarlar: Levin, Richard I (Yazar), Rubin, David S (Yazar)
Materyal Türü: Kitap
Dil:İspanyolca
Baskı/Yayın Bilgisi: Ciudad de México Prentice Hall 1996
Edisyon:3a. ed
Konular:
Etiketler: Etiketle
Etiket eklenmemiş, İlk siz ekleyin!

MARC

LEADER 00000nam a2200000 a 4500
001 UCO8363
003 CL-VaPUC
005 20240610112227.0
008 001201e19960000MX |||||||||||||||||spa|d
999 |c 293032  |d 293030 
020 |a 9688806757 
040 |c Pontificia Universidad Católica de Valparaíso 
082 0 4 |a 330.015195  |b LEV  |2 21 
100 |a Levin, Richard I  |e author  |9 574411 
245 1 0 |a Estadística para administradores 
250 |a 3a. ed 
260 |a Ciudad de México  |b Prentice Hall  |c 1996 
300 |a 1018 p 
500 |a Incluye disquete 
583 |a last modification  |c 20001201 00:00:00  |k Rodrigo Vera 
650 0 |a Estadística   |9 259535 
650 0 |a Muestreo (Estadística)  |9 270232 
650 0 |a Análisis de varianza   |9 336938 
650 0 |a Probabilidades   |9 260199 
650 0 |a Estimación estadística  |9 560346 
700 0 |a Rubin, David S  |e author  |9 453250 
942 |c BK  |2 ddc 
945 |d 20001201 00:00:00  |a vberengu 
952 |0 0  |1 0  |4 0  |6 330_015195000000000_LEV_1996  |7 0  |8 R  |9 344141  |a BIBGIM  |b BIBGIM  |d 2019-11-20  |i 3672581  |o 330.015195 LEV 1996  |p 3672581  |r 2025-01-15  |w 2019-11-20  |y BK_R  |k COM 
952 |0 0  |1 0  |4 0  |6 330_015195000000000_LEV_1996  |7 0  |8 R  |9 344142  |a BIBGIM  |b BIBGIM  |d 2019-11-20  |i 367259K  |o 330.015195 LEV 1996  |p 367259K  |r 2025-01-15  |w 2019-11-20  |y BK_R  |k COM 
952 |0 0  |1 0  |4 0  |6 330_015195000000000_LEV_1996  |7 0  |8 R  |9 344143  |a BIBGIM  |b BIBGIM  |d 2019-11-20  |i 3672603  |o 330.015195 LEV 1996  |p 3672603  |r 2025-01-15  |w 2019-11-20  |y BK_R  |k COM 
952 |0 0  |1 0  |4 0  |6 330_015195000000000_LEV_1996  |7 0  |8 R  |9 344144  |a BIBGIM  |b BIBGIM  |d 2019-11-20  |i 3672611  |o 330.015195 LEV 1996  |p 3672611  |r 2025-01-15  |w 2019-11-20  |y BK_R  |k COM 
952 |0 0  |1 0  |4 0  |6 330_015195000000000_LEV_1996  |7 0  |8 R  |9 344145  |a BIBGIM  |b BIBGIM  |d 2019-11-20  |i 3883906  |o 330.015195 LEV 1996  |p 3883906  |r 2025-01-15  |w 2019-11-20  |y BK_R  |k GIM 
952 |0 0  |1 0  |2 ddc  |4 0  |6 330_015195000000000_LEV_1996  |7 0  |8 R  |9 344146  |a BIBENE  |b BIBENE  |d 2019-11-20  |i 3913236  |o 330.015195 LEV 1996  |p 3913236  |r 2025-01-15  |w 2019-11-20  |y BK_R  |k ICO 
952 |0 0  |1 0  |4 0  |6 330_015195000000000_LEV_1996  |7 0  |8 R  |9 344147  |a BIBENE  |b BIBENE  |d 2019-11-20  |i 3913244  |o 330.015195 LEV 1996  |p 3913244  |r 2025-01-15  |w 2019-11-20  |y BK_R  |k ICO 
952 |0 0  |1 0  |4 0  |6 330_015195000000000_LEV_1996  |7 0  |8 R  |9 344148  |a BIBENE  |b BIBENE  |d 2019-11-20  |i 3913252  |l 1  |o 330.015195 LEV 1996  |p 3913252  |r 2025-01-15  |s 2023-03-22  |w 2019-11-20  |y BK_R  |k ICO 
952 |0 0  |1 0  |4 0  |6 330_015195000000000_LEV_1996  |7 0  |8 R  |9 344149  |a BIBENE  |b BIBENE  |d 2019-11-20  |i 3913260  |o 330.015195 LEV 1996  |p 3913260  |r 2025-01-15  |w 2019-11-20  |y BK_R  |k ICO 
952 |0 0  |1 0  |4 0  |6 330_015195000000000_LEV_1996  |7 0  |8 R  |9 344150  |a BIBENE  |b BIBENE  |d 2019-11-20  |i 3913279  |o 330.015195 LEV 1996  |p 3913279  |r 2025-01-15  |w 2019-11-20  |y BK_R  |k ICO 
952 |0 0  |1 0  |4 0  |6 330_015195000000000_LEV_1996  |7 0  |8 R  |9 344151  |a BIBGIM  |b BIBGIM  |d 2019-11-20  |i 4012135  |o 330.015195 LEV 1996  |p 4012135  |r 2025-01-15  |w 2019-11-20  |y BK_R  |k GIM 
952 |0 0  |1 0  |4 0  |6 330_015195000000000_LEV_1996  |7 0  |8 R  |9 344152  |a BIBGIM  |b BIBGIM  |d 2019-11-20  |i 4012127  |o 330.015195 LEV 1996  |p 4012127  |r 2025-01-15  |w 2019-11-20  |y BK_R  |k GIM 
952 |0 0  |1 0  |4 0  |6 330_015195000000000_LEV_1996  |7 0  |8 R  |9 344153  |a BIBGIM  |b BIBGIM  |d 2019-11-20  |i 4012143  |l 1  |o 330.015195 LEV 1996  |p 4012143  |r 2025-01-15  |s 2022-09-15  |w 2019-11-20  |y BK_R  |k GIM 
952 |0 0  |1 0  |4 0  |6 330_015195000000000_LEV_1996  |7 0  |8 R  |9 344154  |a BIBGIM  |b BIBGIM  |d 2019-11-20  |i 4012119  |o 330.015195 LEV 1996  |p 4012119  |r 2025-01-15  |w 2019-11-20  |y BK_R  |k GIM 
952 |0 0  |1 0  |4 0  |6 330_015195000000000_LEV_1996  |7 0  |8 R  |9 344155  |a BIBENE  |b BIBENE  |d 2019-11-20  |i 4332571  |l 1  |o 330.015195 LEV 1996  |p 4332571  |r 2025-01-15  |s 2023-03-27  |w 2019-11-20  |y BK_R  |k ICO